Statistics for Most Followed Soccer Teams On Instagram

Click here to take the quiz!

General Stats

  • This quiz has been taken 47 times
    (22 since last reset)
  • The average score is 21 of 30

Answer Stats

CountryFollowersTeam% Correct
Germany40,0 milBayern Munich
100%
Spain122,8 milFC Barcelona
100%
England48,0 milManchester City
100%
France66,2 milParis Saint-Germain
100%
Spain145,1 milReal Madrid
100%
England27,2 milArsenal
94%
Germany18,9 milBorussia Dortmund
94%
England40,8 milChelsea
94%
Italy58,9 milJuventus
94%
England42,7 milLiverpool FC
94%
England62,7 milManchester United
94%
Netherlands8,4 milAjax
88%
Saudi Arabia17,4 milAl Nassr
88%
Italy15,3 milAC Milan
82%
Italy10,3 milInter Milan
82%
England15,9 milTottenham Hotspur
82%
Spain16,0 milAtlético de Madrid
76%
Turkey13,5 milGalatasaray
65%
Brazil4,9 milSão Paulo FC
65%
Saudi Arabia7,9 milAl Hilal
59%
United States14,6 milInter Miami
59%
Argentina9,1 milBoca Juniors
47%
Brazil18,3 milFlamengo
41%
Argentina8,2 milRiver Plate
41%
Egypt10,1 milAl Ahly
29%
Brazil10,9 milCorinthians
29%
Netherlands23,9 milFC Eindhoven
29%
Turkey8,9 milFenerbahçe
29%
Brazil5,2 milSE Palmeiras
24%
Iran8,6 milPersepolis
12%

Score Distribution

Percentile by Number Answered

Percent of People with Each Score

Your Score History

You have not taken this quiz since the last reset